[Event "Titled Tuesday intern op 27th Sep Late"]
[Site "Chess.com INT"]
[Date "2022.09.27"]
[Round "1"]
[White "Diaz Rosas, Julio Cesar"]
[Black "Baumgartner, Blake"]
[Result "1-0"]
[WhiteElo "2316"]
[BlackElo "1943"]
[PlyCount "80"]
[EventDate "2022.09.27"]
[EventType "swiss (blitz)"]
[EventRounds "11"]
[EventCountry "USA"]
[SourceTitle "CBM 210 Extra"]
[Source "ChessBase"]
[SourceDate "2022.11.30"]
[SourceVersion "1"]
[SourceVersionDate "2022.11.30"]
[SourceQuality "1"]

1. d4 d5 2. c4 c6 3. Nf3 Nf6 4. Qc2 e6 5. g3 Nbd7 6. Bg2 Be7 7. 0-0 0-0 8. Rd1 b6 9. Nc3 Bb7 10. e4 Nxe4 11. Nxe4 dxe4 12. Qxe4 Nf6 13. Qc2 Rc8 14. b3 Qc7 15. Bf4 Bd6 16. Bg5 Nd7 17. Be3 c5 18. dxc5 Bxc5 19. Ng5 Nf6 20. Bf4 Qe7 21. Be5 Bxf2+ 22. Qxf2 Bxg2 23. Bd6 Ng4 24. Bxe7 Nxf2 25. Kxf2 Rfe8 26. Kxg2 Rxe7 27. Ne4 f5 28. Nc3 e5 29. Rd5 g6 30. Re1 e4 31. Kf2 Kf7 32. Ke3 Kf6 33. Red1 g5 34. Rd6+ Kg7 35. Nd5 Re5 36. Rd7+ Kh6 37. Rf1 Rf8 38. h4 gxh4 39. gxh4 f4+ 40. Rxf4 Rxd5 1-0

[Event "Ohio Congress"]
[Site "Columbus"]
[Date "2016.09.05"]
[Round "7"]
[White "Baumgartner, Blake"]
[Black "Murthy, Pappu LN"]
[Result "1-0"]
[WhiteElo "2107"]
[BlackElo "2200"]
[PlyCount "36"]
[EventDate "2016.09.02"]
[EventType "swiss"]
[EventRounds "7"]
[EventCountry "USA"]
[SourceTitle "EXT 2023"]
[Source "ChessBase"]
[SourceDate "2022.10.05"]
[SourceVersion "1"]
[SourceVersionDate "2022.10.05"]
[SourceQuality "1"]

1. e4 c5 2. Nf3 g6 3. d4 cxd4 4. Nxd4 Nf6 5. Nc3 Nc6 6. Nxc6 bxc6 7. e5 Nd5 8. Nxd5 cxd5 9. Qxd5 Rb8 10. e6 f6 11. Bf4 Rb6 12. exd7+ Qxd7 13. Qxd7+ Bxd7 14. 0-0-0 e5 15. Be3 Rb7 16. Bc4 Rc7 17. Bb3 Bc6 18. f3 h5 1-0

[Event "Philadelphia int op 10th"]
[Site "Philadelphia"]
[Date "2016.07.08"]
[Round "6"]
[White "Baumgartner, Blake"]
[Black "Zhou, Guijue"]
[Result "1/2-1/2"]
[WhiteElo "1877"]
[BlackElo "2238"]
[PlyCount "77"]
[EventDate "2016.07.05"]
[EventType "swiss"]
[EventRounds "9"]
[EventCountry "USA"]
[SourceTitle "CBM 173 Extra"]
[Source "ChessBase"]
[SourceDate "2016.08.29"]
[SourceVersion "1"]
[SourceVersionDate "2016.08.29"]
[SourceQuality "1"]

1. e4 e5 2. Nf3 Nf6 3. Nxe5 d6 4. Nf3 Nxe4 5. Nc3 Nf6 6. d4 Be7 7. Bd3 0-0 8. Ne2 Re8 9. 0-0 c5 10. Ng3 g6 11. c4 d5 12. Re1 Nc6 13. dxc5 Bxc5 14. Rxe8+ Qxe8 15. cxd5 Ne5 16. Bg5 Nfg4 17. Ne4 Nxd3 18. Qxd3 Bf5 19. Qc3 Bxe4 20. Qxc5 Ne5 21. Nd2 Nd7 22. Qd4 Bc2 23. Nf3 Qe4 24. Re1 Qxd4 25. Nxd4 Bd3 26. Re7 Rd8 27. Rxf7 Kxf7 28. Bxd8 Bc4 29. b3 Bxd5 30. f3 a6 31. Kf2 Ne5 32. Bb6 Nc6 33. Ne2 Nb4 34. Nc3 Bc6 35. g3 Nd5 36. Nxd5 Bxd5 37. f4 h5 38. Ke3 Ke6 39. Bd4 1/2-1/2